| 000 | 00445nam a22001817a 4500 | ||
|---|---|---|---|
| 003 | CEME | ||
| 005 | 20210628205304.0 | ||
| 008 | 210225b xxu||||| |||| 00| 0 eng d | ||
| 020 | _a0-13-393737-2 | ||
| 040 | _c. | ||
| 082 | _a629.83 PHI'F | ||
| 100 |
_aHarbor, Royce D Phillip, Charles L _974788 |
||
| 245 | _aFeedback control system | ||
| 250 | _a3RD | ||
| 260 |
_aNEWYORK _bPRENTICE HALL _c1996 |
||
| 300 | _aXIV,683P | ||
| 942 |
_cBK _2ddc |
||
| 999 |
_c580288 _d580288 |
||